000 00689nam a22002057a 4500
999 _c63663
_d63663
005 20240530110652.0
008 171216s2015 ua g 000 f ara d
017 _a2015/14591
_bمصر. دار الكتب
020 _a9789777950015
040 _aEG-CaGPL
_cEG-CaGPL
082 0 4 _221
_a813.03\
_bس ب
100 0 _aسهير المصادفة
245 1 0 _aبياض ساخن :
_cرواية /
_bسهير المصادفة
250 _aط.1
260 _aالقاهرة :
_bالدار المصرية اللبنانية ،
_c2015 .
300 _a279ص. ؛
_c20 سم.
650 0 7 _2qrmak
_aالقصص العربية
942 _2ddc
_cBK